000 00654cam a2200217 a 4500
001 000019742
005 20200929170125.0
008 781027s1976 sp b 000 e spa d
020 _a8432502901
040 _aDO-SdBNP
_cDLC
_dDLC
_dBNPHU
_bspa
043 _ae-sp---
082 _acccc
_bA465p
100 1 _aAltamira, Rafael,
_d1866-1951
_931078
245 1 0 _aPsicología del pueblo español /
_cRafael Altamira.
260 _aMadrid :
_bDoncel,
_c1976.
300 _a259, [3] p. ;
_c18 cm.
490 1 _aEl Libro de bolsillo Doncel
_v94
504 _aBibliografía: p. [223]-259.
830 3 _aEl Libro de bolsillo Doncel ;
_v94
_98628
049 _aBNGR
999 _c19256
_d19256